| 000 | 00747nam a2200229 a 4500 | ||
|---|---|---|---|
| 999 |
_c8999 _d8999 |
||
| 001 | 8999 | ||
| 003 | BD-JhCC | ||
| 005 | 20180306192327.0 | ||
| 008 | 180306b1989 bg |||| ||a| 000 0 ben d | ||
| 020 | _a8171570119 | ||
| 035 | _a(BD-JhCC) 8999 | ||
| 040 |
_aBD-JhCC _dBD-JhCC |
||
| 041 | _aben | ||
| 082 |
_a923.1 _bRAY 1989 |
||
| 100 | _aরায়, অন্নদাশঙ্কর রায় | ||
| 245 |
_aগান্ধী / _cঅন্নদাশঙ্কর রায় |
||
| 260 |
_aকলিকাতা : _bএম.সি. সরকার অ্যান্ড সন্স প্রাইভেট লিমিটেড , _c1989 |
||
| 300 |
_a175 p .: _c22 cm . |
||
| 650 | _aBiography | ||
| 942 |
_2ddc _cBK |
||